ბათუმის შოთა რუსთაველის სახელმწიფო უნივერსიტეტის ბიბლიოთეკა

Lost Japan: (ბიბ.ჩანაწერი № 64009)

000 -LEADER
fixed length control field 00619nam a22001697a 4500
005 - DATE AND TIME OF LATEST TRANSACTION
control field 20260309113611.0
008 - FIXED-LENGTH DATA ELEMENTS--GENERAL INFORMATION
fixed length control field 260309s2015 enk||||| |||| 00| 0 eng d
020 ## - INTERNATIONAL STANDARD BOOK NUMBER
International Standard Book Number 9780141979748x
041 ## - LANGUAGE CODE
Language code of text/sound track or separate title eng
080 ## - UNIVERSAL DECIMAL CLASSIFICATION NUMBER
Universal Decimal Classification number 930.85(520) K-37
100 ## - MAIN ENTRY--PERSONAL NAME
Personal name Kerr, Alex
9 (RLIN) 27084
245 ## - TITLE STATEMENT
Title Lost Japan:
Remainder of title Last Glimpse of Beautiful Japan /
Statement of responsibility, etc. Alex Kerr.
264 ## - PRODUCTION, PUBLICATION, DISTRIBUTION, MANUFACTURE, AND COPYRIGHT NOTICE
Place of production, publication, distribution, manufacture London :
Name of producer, publisher, distributor, manufacturer Penguin Books,
Date of production, publication, distribution, manufacture, or copyright notice 2015.
300 ## - PHYSICAL DESCRIPTION
Extent 240 p.;
Other physical details 20 cm.
653 ## - INDEX TERM--UNCONTROLLED
keyword დაკარგული იაპონია: ულამაზესი იაპონიის უკანასკნელი ხილვა
942 ## - ADDED ENTRY ELEMENTS (KOHA)
Source of classification or shelving scheme
Koha item type წიგნი
ეგზემპლარები
Withdrawn status Lost status Source of classification or shelving scheme Damaged status Not for loan Permanent Location Current Location Shelving location Date acquired Cost, normal purchase price Full call number Barcode Date last seen Copy number Uniform Resource Identifier Price effective from Koha item type Public note
          ბათუმის შოთა რუსთაველის სახელმწიფო უნივერსიტეტის მთავარი ბიბლიოთეკა ბათუმის შოთა რუსთაველის სახელმწიფო უნივერსიტეტის მთავარი ბიბლიოთეკა წიგნსაცავი 2026-03-09 10.00 930.85(520) K-37 73893 2026-03-09 73893 იაპონიის ელჩის საჩუქარი 2026-03-09 წიგნი 10 ლ.